000 00329nam a2200133Ia 4500
008 230312s9999||||xx |||||||||||||| ||und||
082 _a669.03
_bLEW-M
100 _aLewis J R
245 0 _aDictionary of Metallurgy
260 _bCBS Publishers & Distributors
_aIndia
_c1990
546 _aEng.
650 _aDictionary
942 _cBK
999 _c6165
_d6165